Strain energy release rates for some classical rubber test pieces by finite element analysis (Record no. 69357)

MARC details
000 -LEADER
fixed length control field 00456nam a2200121Ia 4500
100 ## - MAIN ENTRY--AUTHOR NAME
Personal name Yeoh O H
245 #0 - TITLE STATEMENT
Title Strain energy release rates for some classical rubber test pieces by finite element analysis
260 ## - PUBLICATION, DISTRIBUTION, ETC. (IMPRINT)
Name of publisher Meeting of the Rubber Division, American Chemical Society, Nashville, Tennessee, September 29-October 2, 1998. Paper No. 2
500 ## - GENERAL NOTE
General note Source Year: 1999
856 ## - ELECTRONIC LOCATION AND ACCESS
Uniform Resource Identifier IRRDB
942 ## - ADDED ENTRY ELEMENTS (KOHA)
Koha item type Journals
Holdings
Withdrawn status Lost status Damaged status Not for loan Home library Current library Shelving location Date acquired Koha item type
      Journals RRII Library RRII Library Rubber chemistry 17/12/2021 Journals